[Event "Benasque op 17th"]
[White "Portela, Javier"]
[Black "Cooper, Lawrence"]
[Site "Benasque"]
[Round "5"]
[Result "0-1"]
[Date "1997.??.??"]
[WhiteElo "2360"]
[BlackElo "2365"]
[PlyCount "102"]
[EventDate "1997.07.??"]
[EventType "swiss"]
[EventRounds "9"]
[EventCountry "ESP"]
[SourceTitle "EXT 1998"]
[Source "ChessBase"]
[SourceDate "1997.11.17"]
[SourceVersion "1"]
[SourceVersionDate "1997.11.17"]
[SourceQuality "1"]

1. e4 e5 2. Nc3 Nf6 3. Bc4 Bc5 4. d3 c6 5. Nf3 d6 6. 0-0 0-0 7. Bg5 h6 8. Bh4 Nbd7 9. d4 exd4 10. Nxd4 Ne5 11. Bb3 Ng6 12. Bg3 Re8 13. Kh1 Nxe4 14. Nxe4 Rxe4 15. c3 Qf6 16. Re1 Rxe1+ 17. Qxe1 Bd7 18. Qd2 Re8 19. f3 d5 20. Rf1 Bd6 21. Bxd6 Qxd6 22. Bc2 Qf4 23. Qf2 Nf8 24. Kg1 c5 25. Nb3 b6 26. Re1 Rxe1+ 27. Qxe1 Ne6 28. Nd2 Bc6 29. Bb3 Kf8 30. Qe2 Nc7 31. Nf1 Bb5 32. Qe3 Qxe3+ 33. Nxe3 Bc6 34. Kf2 Ke7 35. f4 Ke6 36. g3 Ne8 37. Bc2 Nd6 38. Nf1 Nc4 39. b3 Na3 40. Bd3 Bb5 41. Ke3 Bxd3 42. Kxd3 Nb5 43. Ne3 Nxc3 44. Kxc3 d4+ 45. Kd3 dxe3 46. Kxe3 Kd5 47. Kd3 f5 48. Ke3 b5 49. Kd3 c4+ 50. bxc4+ bxc4+ 51. Kc2 Kd4 0-1

[Event "Benasque op 17th"]
[White "Portela, Javier"]
[Black "Pogorelov, Ruslan"]
[Site "Benasque"]
[Round "9"]
[Result "0-1"]
[Date "1997.??.??"]
[WhiteElo "2360"]
[BlackElo "2465"]
[PlyCount "44"]
[EventDate "1997.07.??"]
[EventType "swiss"]
[EventRounds "9"]
[EventCountry "ESP"]
[SourceTitle "EXT 1998"]
[Source "ChessBase"]
[SourceDate "1997.11.17"]
[SourceVersion "1"]
[SourceVersionDate "1997.11.17"]
[SourceQuality "1"]

1. e4 c5 2. d3 Nc6 3. f4 g6 4. g3 Bg7 5. Bg2 Rb8 6. Nf3 b5 7. 0-0 d6 8. Nh4 Bd7 9. c3 b4 10. f5 bxc3 11. bxc3 Qb6 12. Kh1 Ne5 13. Na3 Qa6 14. d4 cxd4 15. cxd4 Nc6 16. e5 dxe5 17. fxg6 hxg6 18. Qf3 Nf6 19. dxe5 Nxe5 20. Qf4 Bc6 21. Rb1 Rxb1 22. Nxb1 g5 0-1

[Event "Madrid-B"]
[White "Gallego Jimenez, Victoriano"]
[Black "Portela, Javier"]
[Site "Madrid"]
[Round "7"]
[Result "1-0"]
[Date "1992.??.??"]
[WhiteElo "2420"]
[BlackElo "2360"]
[PlyCount "83"]
[EventDate "1992.05.??"]
[EventType "tourn"]
[EventRounds "9"]
[EventCountry "ESP"]
[EventCategory "6"]
[SourceTitle "TD"]
[Source "ChessBase"]
[SourceDate "1994.03.01"]
[SourceVersion "1"]
[SourceVersionDate "1994.03.01"]
[SourceQuality "1"]

1. d4 Nf6 2. c4 g6 3. Nc3 Bg7 4. e4 d6 5. Nf3 0-0 6. Be2 e5 7. 0-0 Na6 8. d5 c5 9. Ne1 Nc7 10. a3 Nd7 11. Nd3 f5 12. b4 b6 13. Bd2 Nf6 14. f3 h5 15. Nf2 f4 16. Qc2 g5 17. h3 Qe8 18. Rfb1 Qg6 19. Qd1 Rf7 20. a4 g4 21. fxg4 hxg4 22. hxg4 Bf8 23. a5 cxb4 24. Rxb4 Na6 25. Rb2 bxa5 26. Rxa5 Nc5 27. Bf3 Rg7 28. Be1 Be7 29. Rab5 Ba6 30. Rb8+ Rxb8 31. Rxb8+ Kf7 32. Qe2 Nfd7 33. Ra8 Bxc4 34. Qxc4 Nb6 35. Qa2 Nxa8 36. Qxa7 Rg8 37. Nb5 Rh8 38. Bb4 Rc8 39. g5 Nxe4 40. Nxe4 Rc1+ 41. Kf2 Rc2+ 42. Bd2 1-0

[Event "Madrid-B"]
[White "Moreno Ruiz, Javier"]
[Black "Portela, Javier"]
[Site "Madrid"]
[Round "9"]
[Result "1/2-1/2"]
[Date "1992.??.??"]
[WhiteElo "2340"]
[BlackElo "2360"]
[PlyCount "30"]
[EventDate "1992.05.??"]
[EventType "tourn"]
[EventRounds "9"]
[EventCountry "ESP"]
[EventCategory "6"]
[SourceTitle "TD"]
[Source "ChessBase"]
[SourceDate "1994.03.01"]
[SourceVersion "1"]
[SourceVersionDate "1994.03.01"]
[SourceQuality "1"]

1. d4 Nf6 2. c4 g6 3. Nc3 Bg7 4. Nf3 0-0 5. e4 d6 6. Be2 e5 7. Be3 Ng4 8. Bg5 f6 9. Bh4 g5 10. Bg3 Nh6 11. dxe5 fxe5 12. 0-0 Nc6 13. Nd5 Nd4 14. Nxd4 exd4 15. Nb4 Qe7 1/2-1/2

[Event "Madrid-B"]
[White "Portela, Javier"]
[Black "Izeta Txabarri, Felix"]
[Site "Madrid"]
[Round "5"]
[Result "0-1"]
[Date "1992.??.??"]
[WhiteElo "2360"]
[BlackElo "2445"]
[PlyCount "90"]
[EventDate "1992.05.??"]
[EventType "tourn"]
[EventRounds "9"]
[EventCountry "ESP"]
[EventCategory "6"]
[SourceTitle "TD"]
[Source "ChessBase"]
[SourceDate "1994.03.01"]
[SourceVersion "1"]
[SourceVersionDate "1994.03.01"]
[SourceQuality "1"]

1. e4 c6 2. d4 d5 3. e5 Bf5 4. Nc3 e6 5. g4 Bg6 6. Nge2 c5 7. Be3 Nc6 8. dxc5 Nxe5 9. Nd4 a6 10. f4 Nc6 11. Qe2 Qh4+ 12. Kd1 Nge7 13. Bf2 Nxd4 14. Bxh4 Nxe2 15. Nxe2 Be4 16. Rg1 h5 17. g5 Nc6 18. Bf2 d4 19. Ng3 Bf3+ 20. Be2 Bxe2+ 21. Kxe2 Bxc5 22. Ne4 Be7 23. Rgd1 0-0-0 24. a3 f5 25. gxf6 gxf6 26. Bh4 Rdg8 27. Kf3 f5 28. Ng5 e5 29. Rg1 e4+ 30. Ke2 Rg6 31. Nf7 Rhg8 32. Rxg6 Rxg6 33. Ng5 Kd7 34. Rd1 Bxg5 35. Bxg5 Ke6 36. Kf2 Kd5 37. b3 b5 38. Kg3 Ne5 39. fxe5 Rxg5+ 40. Kf4 Rg2 41. Kxf5 Rf2+ 42. Kg5 Kxe5 43. h4 Rxc2 44. Kxh5 e3 45. Kg4 Ke4 0-1